[Event "Rapid 2018"]
[Site "Saint-Petersburg"]
[Date "2018.12.28"]
[Round "13"]
[Board "37"]
[White "Akopian Vladimir (ARM)"]
[Black "Demidov Mikhail (RUS)"]
[Result "1-0"]
[LiveChessVersion "1.4.8"]
[BlackElo "2595"]
[WhiteElo "2707"]

1. e4 {[%clk 0:15:15]} Nf6 {[%clk 0:15:19]} 2. e5 {[%clk 0:15:19]} Nd5
{[%clk 0:15:28]} 3. d4 {[%clk 0:15:27]} d6 {[%clk 0:15:36]} 4. c4
{[%clk 0:15:12]} Nb6 {[%clk 0:15:45]} 5. exd6 {[%clk 0:15:20]} exd6
{[%clk 0:15:53]} 6. Nc3 {[%clk 0:15:23]} Be7 {[%clk 0:16:02]} 7. Bd3
{[%clk 0:15:14]} O-O {[%clk 0:16:09]} 8. Nge2 {[%clk 0:15:18]} Bg5
{[%clk 0:16:17]} 9. Bxg5 {[%clk 0:14:45]} Qxg5 {[%clk 0:16:26]} 10. Qd2
{[%clk 0:14:53]} Qxd2+ {[%clk 0:12:59]} 11. Kxd2 {[%clk 0:15:01]} c6
{[%clk 0:13:00]} 12. b3 {[%clk 0:14:59]} N8d7 {[%clk 0:12:43]} 13. f3
{[%clk 0:13:52]} Rd8 {[%clk 0:12:18]} 14. g4 {[%clk 0:13:39]} c5 {[%clk 0:12:07]}
15. d5 {[%clk 0:12:53]} Ne5 {[%clk 0:11:14]} 16. Be4 {[%clk 0:13:01]} Nbd7
{[%clk 0:11:19]} 17. Raf1 {[%clk 0:12:13]} a6 {[%clk 0:10:20]} 18. g5
{[%clk 0:11:49]} b5 {[%clk 0:09:43]} 19. f4 {[%clk 0:11:57]} Ng6 {[%clk 0:09:42]}
20. h4 {[%clk 0:10:44]} Rb8 {[%clk 0:07:02]} 21. Bd3 {[%clk 0:09:15]} bxc4
{[%clk 0:06:27]} 22. bxc4 {[%clk 0:09:21]} Rb2+ {[%clk 0:06:29]} 23. Kc1
{[%clk 0:09:27]} Rb4 {[%clk 0:06:37]} 24. a3 {[%clk 0:08:23]} Rb3
{[%clk 0:06:27]} 25. Kc2 {[%clk 0:08:31]} Rxa3 {[%clk 0:06:31]} 26. Kb2
{[%clk 0:04:36]} Ra5 {[%clk 0:06:39]} 27. Nc1 {[%clk 0:04:44]} Nde5
{[%clk 0:05:19]} 28. fxe5 {[%clk 0:04:49]} Nxe5 {[%clk 0:05:28]} 29. Be2
{[%clk 0:04:34]} Bd7 {[%clk 0:05:25]} 30. Nb3 {[%clk 0:04:18]} Rb8
{[%clk 0:05:34]} 31. Ra1 {[%clk 0:03:29]} Rxa1 {[%clk 0:05:43]} 32. Rxa1
{[%clk 0:03:39]} Rb6 {[%clk 0:05:53]} 33. Na4 {[%clk 0:02:12]} Bxa4
{[%clk 0:04:36]} 34. Rxa4 {[%clk 0:02:20]} Ng6 {[%clk 0:04:45]} 35. h5 Nf4 36.
Bg4 {[%clk 0:01:35]} Nd3+ {[%clk 0:04:16]} 37. Kc3 {[%clk 0:01:44]} Nf2
{[%clk 0:04:25]} 38. Bf3 {[%clk 0:01:20]} Nh3 {[%clk 0:04:32]} 39. g6
{[%clk 0:01:15]} hxg6 {[%clk 0:04:30]} 40. hxg6 {[%clk 0:01:24]} fxg6
{[%clk 0:04:17]} 41. Bg4 {[%clk 0:01:20]} Ng5 {[%clk 0:04:16]} 42. Nd2
{[%clk 0:01:23]} Kf8 {[%clk 0:04:23]} 43. Ra1 {[%clk 0:01:23]} Nf7
{[%clk 0:04:07]} 44. Nf3 {[%clk 0:01:30]} Ke7 {[%clk 0:03:41]} 45. Bc8
{[%clk 0:01:34]} Rb8 {[%clk 0:03:25]} 46. Be6 {[%clk 0:01:13]} Nd8
{[%clk 0:03:30]} 47. Bh3 {[%clk 0:01:09]} Ra8 {[%clk 0:03:22]} 48. Re1+
{[%clk 0:01:15]} Kf6 {[%clk 0:03:11]} 49. Re8 {[%clk 0:01:11]} a5
{[%clk 0:03:20]} 50. Nd2 {[%clk 0:01:07]} Kf7 {[%clk 0:03:29]} 51. Bd7
{[%clk 0:01:02]} a4 {[%clk 0:03:39]} 52. Ne4 {[%clk 0:00:49]} a3 {[%clk 0:03:48]}
53. Nxd6+ Kf6 54. Ne4+ {[%clk 0:00:53]} Kf7 {[%clk 0:04:08]} 55. d6
{[%clk 0:00:41]} g5 {[%clk 0:03:42]} 56. Nxc5 {[%clk 0:00:33]} a2
{[%clk 0:03:44]} 57. Nb3 {[%clk 0:00:42]} Ra3 {[%clk 0:02:17]} 58. Re1
{[%clk 0:00:51]} Nb7 {[%clk 0:02:25]} 59. Kb2 {[%clk 0:00:29]} Ra7
{[%clk 0:02:28]} 60. c5 {[%clk 0:00:18]} Nxd6 {[%clk 0:02:20]} 61. Be6+
{[%clk 0:00:26]} Ke7 {[%clk 0:02:23]} 62. Bg4+ {[%clk 0:00:31]} Kd8
{[%clk 0:02:04]} 63. cxd6 {[%clk 0:00:39]} Ra4 {[%clk 0:02:13]} 64. Rg1
{[%clk 0:00:37]} g6 {[%clk 0:02:03]} 65. Nc5 {[%clk 0:00:30]} Ra7
{[%clk 0:01:40]} 66. Rh1 {[%clk 0:00:36]} 1-0

[Event "Rapid 2018"]
[Site "Saint-Petersburg"]
[Date "2018.12.28"]
[Round "13"]
[Board "38"]
[White "Moiseenko Vadim (RUS)"]
[Black "Dreev Aleksey (RUS)"]
[Result "1-0"]
[LiveChessVersion "1.4.8"]
[BlackElo "2671"]
[WhiteElo "2583"]

1. e4 {[%clk 0:15:19]} c6 {[%clk 0:15:19]} 2. d4 {[%clk 0:15:26]} d5
{[%clk 0:15:28]} 3. e5 {[%clk 0:15:35]} Bf5 {[%clk 0:15:36]} 4. Nf3
{[%clk 0:15:44]} e6 {[%clk 0:15:45]} 5. Be2 {[%clk 0:15:50]} c5 {[%clk 0:15:51]}
6. Be3 {[%clk 0:15:49]} cxd4 {[%clk 0:15:56]} 7. Nxd4 {[%clk 0:15:56]} Ne7
{[%clk 0:16:04]} 8. c4 {[%clk 0:15:14]} Nbc6 {[%clk 0:16:00]} 9. Nc3
{[%clk 0:15:14]} dxc4 {[%clk 0:15:51]} 10. Qa4 {[%clk 0:13:15]} Bd3
{[%clk 0:12:49]} 11. O-O-O {[%clk 0:12:25]} Qd7 {[%clk 0:12:33]} 12. Bxd3
{[%clk 0:10:40]} cxd3 {[%clk 0:12:38]} 13. Ndb5 {[%clk 0:10:48]} Nf5
{[%clk 0:08:33]} 14. Bg5 {[%clk 0:08:23]} Be7 {[%clk 0:07:11]} 15. Bxe7
{[%clk 0:08:24]} Qxe7 {[%clk 0:07:19]} 16. g4 {[%clk 0:08:13]} Nh6
{[%clk 0:04:35]} 17. Nd6+ {[%clk 0:08:08]} Kf8 {[%clk 0:04:45]} 18. Qf4
{[%clk 0:07:16]} g5 {[%clk 0:03:34]} 19. Qg3 {[%clk 0:07:10]} f5 {[%clk 0:03:02]}
20. h3 {[%clk 0:06:25]} Nf7 {[%clk 0:02:22]} 21. Rhe1 {[%clk 0:05:03]} Nfxe5
{[%clk 0:00:55]} 22. Rxe5 {[%clk 0:03:50]} f4 {[%clk 0:01:05]} 23. Qxd3
{[%clk 0:03:28]} Nxe5 {[%clk 0:01:14]} 24. Qb5 {[%clk 0:02:50]} Ng6
{[%clk 0:01:12]} 25. Nxb7 {[%clk 0:02:51]} a6 {[%clk 0:00:40]} 26. Qc6
{[%clk 0:02:37]} Ne5 {[%clk 0:00:46]} 27. Qe4 {[%clk 0:02:44]} Nf7
{[%clk 0:00:47]} 28. Nc5 {[%clk 0:01:47]} Re8 {[%clk 0:00:48]} 29. b4
{[%clk 0:01:17]} Kg7 {[%clk 0:00:56]} 30. Rd7 {[%clk 0:00:48]} Qf6
{[%clk 0:01:04]} 31. Kc2 {[%clk 0:00:42]} h5 {[%clk 0:00:35]} 32. Qb7
{[%clk 0:00:32]} hxg4 {[%clk 0:00:40]} 33. N3e4 {[%clk 0:00:37]} Qg6
{[%clk 0:00:43]} 34. hxg4 {[%clk 0:00:33]} Rh2 {[%clk 0:00:16]} 35. Kb3
{[%clk 0:00:36]} Rh3+ {[%clk 0:00:22]} 36. Ka4 {[%clk 0:00:52]} Rhh8
{[%clk 0:00:23]} 37. Nxg5 {[%clk 0:00:38]} Qc2+ {[%clk 0:00:32]} 38. Ka5
{[%clk 0:00:39]} Qxa2+ {[%clk 0:00:38]} 39. Na4 {[%clk 0:00:47]} Kf6
{[%clk 0:00:18]} 40. Ne4+ {[%clk 0:00:31]} Kg6 {[%clk 0:00:27]} 41. Rxf7
{[%clk 0:00:22]} Qd5+ {[%clk 0:00:36]} 42. Nac5 {[%clk 0:00:26]} Qa2+
{[%clk 0:00:41]} 43. Kb6 {[%clk 0:00:24]} Ref8 {[%clk 0:00:34]} 44. Rg7+
{[%clk 0:00:27]} Kh6 {[%clk 0:00:43]} 45. g5+ {[%clk 0:00:26]} Kh5
{[%clk 0:00:52]} 46. Nf6+ {[%clk 0:00:29]} Kh4 {[%clk 0:00:59]} 47. Qh1#
{[%clk 0:00:31]} 1-0

[Event "Rapid 2018"]
[Site "Saint-Petersburg"]
[Date "2018.12.28"]
[Round "13"]
[Board "39"]
[White "Grachev Boris (RUS)"]
[Black "Zvjaginsev Vadim (RUS)"]
[Result "1-0"]
[LiveChessVersion "1.4.8"]
[BlackElo "2573"]
[WhiteElo "2669"]

1. Nf3 {[%clk 0:15:18]} Nf6 {[%clk 0:15:11]} 2. c4 {[%clk 0:15:26]} d6
{[%clk 0:14:48]} 3. g3 {[%clk 0:15:25]} c5 {[%clk 0:14:35]} 4. Bg2
{[%clk 0:15:12]} Nc6 {[%clk 0:14:40]} 5. O-O {[%clk 0:15:00]} g6 {[%clk 0:14:48]}
6. d4 {[%clk 0:14:46]} cxd4 {[%clk 0:14:56]} 7. Nxd4 {[%clk 0:14:54]} Bd7
{[%clk 0:15:04]} 8. Nc3 {[%clk 0:14:50]} Bg7 {[%clk 0:15:12]} 9. Nc2
{[%clk 0:14:17]} Rc8 {[%clk 0:15:03]} 10. b3 {[%clk 0:13:58]} Qa5
{[%clk 0:14:04]} 11. Nb5 {[%clk 0:12:17]} a6 {[%clk 0:13:37]} 12. Bd2
{[%clk 0:12:24]} Qd8 {[%clk 0:13:40]} 13. Nc3 {[%clk 0:12:33]} O-O
{[%clk 0:13:23]} 14. Rc1 {[%clk 0:12:36]} Rb8 {[%clk 0:12:15]} 15. a4
{[%clk 0:12:21]} Qb6 {[%clk 0:10:27]} 16. Ne3 {[%clk 0:11:21]} e6
{[%clk 0:10:30]} 17. h3 {[%clk 0:10:43]} Rbd8 {[%clk 0:09:45]} 18. Ng4
{[%clk 0:10:02]} Nxg4 {[%clk 0:06:18]} 19. hxg4 {[%clk 0:10:10]} Ne5
{[%clk 0:06:18]} 20. g5 {[%clk 0:09:23]} Bc6 {[%clk 0:06:12]} 21. Be3
{[%clk 0:08:31]} Qb4 {[%clk 0:05:44]} 22. Bd4 {[%clk 0:08:05]} Bxg2
{[%clk 0:05:06]} 23. Kxg2 {[%clk 0:08:13]} d5 {[%clk 0:05:11]} 24. cxd5
{[%clk 0:07:33]} exd5 {[%clk 0:05:14]} 25. Rh1 {[%clk 0:06:54]} Qe7
{[%clk 0:04:55]} 26. Qd2 {[%clk 0:06:56]} f6 {[%clk 0:04:22]} 27. gxf6
{[%clk 0:06:10]} Bxf6 {[%clk 0:04:27]} 28. Qe3 {[%clk 0:04:32]} Nc6
{[%clk 0:03:13]} 29. Qxe7 {[%clk 0:04:07]} Bxe7 {[%clk 0:03:21]} 30. Bb6
{[%clk 0:04:11]} Rd7 {[%clk 0:03:29]} 31. Rhd1 {[%clk 0:04:08]} d4
{[%clk 0:02:57]} 32. Ne4 {[%clk 0:04:03]} Rd5 {[%clk 0:02:07]} 33. Bc5
{[%clk 0:03:28]} Re5 {[%clk 0:01:20]} 34. Bxe7 {[%clk 0:03:18]} Rxe7
{[%clk 0:01:28]} 35. f3 {[%clk 0:03:23]} h5 {[%clk 0:01:21]} 36. b4
{[%clk 0:02:44]} Rf5 {[%clk 0:01:23]} 37. Rc5 {[%clk 0:02:05]} Kg7
{[%clk 0:01:25]} 38. Rc4 {[%clk 0:01:10]} g5 {[%clk 0:01:11]} 39. Rc5
{[%clk 0:01:05]} Rxc5 {[%clk 0:01:05]} 40. bxc5 {[%clk 0:01:14]} g4
{[%clk 0:01:06]} 41. Kf2 {[%clk 0:00:56]} Kg6 {[%clk 0:01:07]} 42. Rb1
{[%clk 0:00:56]} Na5 {[%clk 0:00:27]} 43. Rb6+ {[%clk 0:01:00]} Kf5
{[%clk 0:00:20]} 44. Rh6 {[%clk 0:00:51]} gxf3 {[%clk 0:00:28]} 45. exf3
{[%clk 0:00:56]} Nc4 {[%clk 0:00:24]} 46. Rxh5+ {[%clk 0:00:31]} Kg6
{[%clk 0:00:29]} 47. Rd5 {[%clk 0:00:28]} 1-0

[Event "Rapid 2018"]
[Site "Saint-Petersburg"]
[Date "2018.12.28"]
[Round "13"]
[Board "40"]
[White "Pantsulaia Levan (GEO)"]
[Black "Vishnu Prasanna. V (IND)"]
[Result "1-0"]
[LiveChessVersion "1.4.8"]
[BlackElo "2489"]
[WhiteElo "2652"]

1. Nf3 {[%clk 0:15:18]} d5 {[%clk 0:15:19]} 2. g3 {[%clk 0:15:26]} Nf6
{[%clk 0:15:26]} 3. Bg2 {[%clk 0:15:34]} g6 {[%clk 0:15:21]} 4. c4
{[%clk 0:15:42]} dxc4 {[%clk 0:15:28]} 5. Na3 {[%clk 0:15:51]} Bg7
{[%clk 0:15:31]} 6. Nxc4 {[%clk 0:15:59]} O-O {[%clk 0:15:36]} 7. O-O
{[%clk 0:15:53]} Be6 {[%clk 0:15:36]} 8. b3 {[%clk 0:15:05]} c5 {[%clk 0:15:44]}
9. d4 {[%clk 0:15:07]} cxd4 {[%clk 0:14:37]} 10. Nxd4 {[%clk 0:14:37]} Bd5
{[%clk 0:14:44]} 11. Bb2 {[%clk 0:14:41]} Bxg2 {[%clk 0:14:14]} 12. Kxg2
{[%clk 0:14:49]} Nbd7 {[%clk 0:14:15]} 13. e3 {[%clk 0:09:23]} Nb6
{[%clk 0:13:00]} 14. Rc1 {[%clk 0:07:07]} Rc8 {[%clk 0:11:22]} 15. Ba3
{[%clk 0:05:14]} Qd5+ {[%clk 0:09:17]} 16. Qf3 {[%clk 0:05:15]} Qxf3+
{[%clk 0:09:10]} 17. Kxf3 {[%clk 0:05:20]} Nxc4 {[%clk 0:09:09]} 18. Rxc4
{[%clk 0:05:11]} Rxc4 {[%clk 0:08:20]} 19. bxc4 {[%clk 0:05:19]} Rc8
{[%clk 0:08:28]} 20. c5 {[%clk 0:03:42]} Nd7 {[%clk 0:07:55]} 21. Rc1
{[%clk 0:03:51]} Ne5+ {[%clk 0:07:00]} 22. Ke2 {[%clk 0:03:55]} Nc6
{[%clk 0:06:43]} 23. Nb3 {[%clk 0:03:10]} Rd8 {[%clk 0:06:14]} 24. Rc4
{[%clk 0:02:47]} f5 {[%clk 0:05:02]} 25. Ra4 {[%clk 0:02:56]} Kf7
{[%clk 0:04:22]} 26. Na5 {[%clk 0:02:20]} Bc3 {[%clk 0:02:47]} 27. Nb3
{[%clk 0:02:14]} a5 {[%clk 0:01:41]} 28. Bc1 {[%clk 0:02:15]} Rd5
{[%clk 0:01:13]} 29. Rc4 {[%clk 0:01:59]} Be5 {[%clk 0:01:01]} 30. Bd2
{[%clk 0:02:00]} Bc7 {[%clk 0:01:09]} 31. a4 {[%clk 0:01:52]} Rd8
{[%clk 0:01:05]} 32. h3 {[%clk 0:01:34]} e5 {[%clk 0:01:09]} 33. Rc2
{[%clk 0:01:14]} h5 {[%clk 0:01:06]} 34. Bc3 {[%clk 0:01:17]} Ke6
{[%clk 0:01:09]} 35. Be1 {[%clk 0:01:09]} e4 {[%clk 0:01:07]} 36. Rb2
{[%clk 0:00:56]} Rd3 {[%clk 0:00:46]} 37. g4 {[%clk 0:00:44]} Be5
{[%clk 0:00:27]} 38. Rb1 {[%clk 0:00:51]} Bc3 {[%clk 0:00:22]} 39. gxf5+
{[%clk 0:00:53]} gxf5 {[%clk 0:00:31]} 40. Nc1 {[%clk 0:01:01]} Bxe1
{[%clk 0:00:15]} 41. Nxd3 {[%clk 0:01:10]} exd3+ {[%clk 0:00:22]} 42. Kxe1
{[%clk 0:01:18]} Ne5 {[%clk 0:00:28]} 43. Rxb7 {[%clk 0:01:25]} Kd5
{[%clk 0:00:37]} 44. Kd2 {[%clk 0:01:17]} 1-0

[Event "Rapid 2018"]
[Site "Saint-Petersburg"]
[Date "2018.12.28"]
[Round "13"]
[Board "41"]
[White "Tari Aryan (NOR)"]
[Black "Esipenko Andrey (RUS)"]
[Result "1-0"]
[LiveChessVersion "1.4.8"]
[BlackElo "2643"]
[WhiteElo "2554"]

1. e4 {[%clk 0:15:16]} e5 {[%clk 0:15:20]} 2. Nf3 {[%clk 0:15:25]} Nc6
{[%clk 0:15:29]} 3. d4 {[%clk 0:15:33]} exd4 {[%clk 0:15:36]} 4. Nxd4
{[%clk 0:15:42]} Bb4+ {[%clk 0:15:38]} 5. c3 {[%clk 0:15:49]} Bc5
{[%clk 0:15:47]} 6. Be3 {[%clk 0:15:54]} Bb6 {[%clk 0:15:47]} 7. Nf5
{[%clk 0:15:58]} Bxe3 {[%clk 0:15:16]} 8. Nxe3 {[%clk 0:16:06]} Nf6
{[%clk 0:15:16]} 9. f3 {[%clk 0:16:09]} O-O {[%clk 0:15:13]} 10. Be2
{[%clk 0:16:03]} d6 {[%clk 0:15:02]} 11. c4 {[%clk 0:16:09]} Nd7 {[%clk 0:15:06]}
12. Nc3 {[%clk 0:15:51]} Nc5 {[%clk 0:15:03]} 13. O-O {[%clk 0:15:13]} a5
{[%clk 0:14:54]} 14. Qd2 {[%clk 0:13:56]} Be6 {[%clk 0:14:23]} 15. f4
{[%clk 0:13:48]} f6 {[%clk 0:14:12]} 16. Bf3 {[%clk 0:13:08]} Qe7
{[%clk 0:13:11]} 17. Rad1 {[%clk 0:12:12]} Qf7 {[%clk 0:12:54]} 18. e5
{[%clk 0:11:02]} f5 {[%clk 0:08:08]} 19. exd6 {[%clk 0:11:08]} Rad8
{[%clk 0:08:17]} 20. Nb5 {[%clk 0:11:08]} cxd6 {[%clk 0:08:17]} 21. Qc3
{[%clk 0:10:41]} Kh8 {[%clk 0:06:54]} 22. Nxd6 {[%clk 0:09:56]} Qe7
{[%clk 0:06:57]} 23. Nb5 {[%clk 0:09:38]} Nb4 {[%clk 0:05:31]} 24. Nd4
{[%clk 0:07:24]} Ne4 {[%clk 0:03:23]} 25. Bxe4 {[%clk 0:07:11]} fxe4
{[%clk 0:03:31]} 26. Nxe6 {[%clk 0:06:17]} Qxe6 {[%clk 0:03:40]} 27. f5
{[%clk 0:06:19]} Qe7 {[%clk 0:03:10]} 28. Rxd8 {[%clk 0:04:32]} Qxd8
{[%clk 0:03:09]} 29. a3 {[%clk 0:04:12]} Nd3 {[%clk 0:03:08]} 30. Nd5
{[%clk 0:04:19]} b5 {[%clk 0:03:13]} 31. b4 {[%clk 0:03:25]} axb4
{[%clk 0:01:36]} 32. axb4 {[%clk 0:03:34]} Qd6 {[%clk 0:00:00]} 33. f6
{[%clk 0:03:42]} gxf6 {[%clk 0:00:25]} 34. Nxf6 {[%clk 0:03:47]} Qe5
{[%clk 0:00:14]} 35. Qxe5 {[%clk 0:03:09]} Nxe5 {[%clk 0:00:23]} 36. cxb5
{[%clk 0:03:18]} Rb8 {[%clk 0:00:13]} 37. Rf5 {[%clk 0:03:18]} Nd3
{[%clk 0:00:12]} 38. Nxe4 {[%clk 0:02:57]} Nxb4 {[%clk 0:00:21]} 39. Kf2
{[%clk 0:02:51]} Nc2 {[%clk 0:00:29]} 40. Rd5 {[%clk 0:02:55]} Na3
{[%clk 0:00:38]} 41. Nd6 {[%clk 0:03:02]} Nc2 {[%clk 0:00:40]} 42. Rc5
{[%clk 0:02:54]} Nb4 {[%clk 0:00:32]} 43. Rc8+ {[%clk 0:02:49]} Rxc8
{[%clk 0:00:41]} 44. Nxc8 {[%clk 0:02:58]} Kg7 {[%clk 0:00:50]} 45. Ke3
{[%clk 0:03:01]} Kf6 {[%clk 0:00:56]} 46. Kd4 {[%clk 0:03:08]} Ke6
{[%clk 0:01:04]} 47. Nb6 {[%clk 0:02:31]} Nc2+ {[%clk 0:01:05]} 48. Kc5
{[%clk 0:02:36]} Ne3 {[%clk 0:01:10]} 49. Nc4 {[%clk 0:02:45]} Nxg2
{[%clk 0:01:12]} 50. b6 {[%clk 0:02:54]} Kd7 {[%clk 0:01:22]} 51. Ne5+
{[%clk 0:03:03]} Kc8 {[%clk 0:01:30]} 52. Kc6 {[%clk 0:03:11]} 1-0

[Event "Rapid 2018"]
[Site "Saint-Petersburg"]
[Date "2018.12.28"]
[Round "13"]
[Board "42"]
[White "Potkin Vladimir (RUS)"]
[Black "Lomasov Semyon (RUS)"]
[Result "0-1"]
[LiveChessVersion "1.4.8"]
[BlackElo "2416"]
[WhiteElo "2635"]

1. Nf3 {[%clk 0:15:19]} Nf6 {[%clk 0:15:19]} 2. c4 {[%clk 0:15:26]} c5
{[%clk 0:15:25]} 3. Nc3 {[%clk 0:15:34]} Nc6 {[%clk 0:15:33]} 4. d4
{[%clk 0:15:24]} cxd4 {[%clk 0:15:41]} 5. Nxd4 {[%clk 0:15:32]} e6
{[%clk 0:15:49]} 6. e4 {[%clk 0:15:40]} Bb4 {[%clk 0:15:05]} 7. Nxc6
{[%clk 0:15:47]} dxc6 {[%clk 0:15:05]} 8. Qxd8+ {[%clk 0:15:53]} Kxd8
{[%clk 0:15:14]} 9. e5 {[%clk 0:15:58]} Nd7 {[%clk 0:15:03]} 10. Bf4
{[%clk 0:15:56]} Bxc3+ {[%clk 0:11:05]} 11. bxc3 {[%clk 0:16:05]} b6
{[%clk 0:11:14]} 12. O-O-O {[%clk 0:16:10]} Kc7 {[%clk 0:11:22]} 13. h4
{[%clk 0:16:12]} Ba6 {[%clk 0:10:54]} 14. Rh3 {[%clk 0:15:59]} Rad8
{[%clk 0:10:40]} 15. Rg3 {[%clk 0:15:01]} Rhg8 {[%clk 0:10:44]} 16. Bd3
{[%clk 0:14:00]} g6 {[%clk 0:10:09]} 17. Bg5 {[%clk 0:13:43]} Rde8
{[%clk 0:10:03]} 18. Re3 {[%clk 0:11:35]} Rh8 {[%clk 0:08:43]} 19. Be2
{[%clk 0:10:01]} h6 {[%clk 0:06:43]} 20. Bf4 {[%clk 0:10:10]} Nc5
{[%clk 0:06:13]} 21. Rd4 {[%clk 0:09:53]} Nb7 {[%clk 0:05:22]} 22. Bg3
{[%clk 0:07:38]} c5 {[%clk 0:05:16]} 23. Rf4 {[%clk 0:07:47]} Re7
{[%clk 0:05:07]} 24. h5 {[%clk 0:06:54]} g5 {[%clk 0:04:34]} 25. Rf6
{[%clk 0:07:03]} Na5 {[%clk 0:04:35]} 26. Ref3 {[%clk 0:06:50]} Bxc4
{[%clk 0:04:00]} 27. Rxf7 {[%clk 0:06:49]} Rxf7 {[%clk 0:02:46]} 28. Rxf7+
{[%clk 0:06:57]} Kc6 {[%clk 0:02:55]} 29. Bxc4 {[%clk 0:03:20]} Nxc4
{[%clk 0:03:04]} 30. Rxa7 {[%clk 0:03:25]} Kd5 {[%clk 0:02:58]} 31. Rd7+
{[%clk 0:03:20]} Ke4 {[%clk 0:02:55]} 32. f3+ {[%clk 0:02:08]} Ke3
{[%clk 0:03:01]} 33. Re7 {[%clk 0:00:39]} Ra8 {[%clk 0:02:46]} 34. Rxe6
{[%clk 0:00:45]} Rxa2 {[%clk 0:02:32]} 35. Rxh6 {[%clk 0:00:42]} Na3
{[%clk 0:00:31]} 36. Rd6 {[%clk 0:00:34]} Rc2+ {[%clk 0:00:31]} 37. Kd1
{[%clk 0:00:43]} Rb2 {[%clk 0:00:40]} 38. Bf2+ {[%clk 0:00:12]} Rxf2
{[%clk 0:00:46]} 0-1

[Event "Rapid 2018"]
[Site "Saint-Petersburg"]
[Date "2018.12.28"]
[Round "13"]
[Board "43"]
[White "Carlsson Pontus (SWE)"]
[Black "Vallejo Pons Francisco (ESP)"]
[Result "1-0"]
[LiveChessVersion "1.4.8"]
[BlackElo "2628"]
[WhiteElo "2463"]

1. e4 {[%clk 0:15:18]} e5 {[%clk 0:15:18]} 2. Nf3 {[%clk 0:15:27]} Nc6
{[%clk 0:15:26]} 3. d4 {[%clk 0:15:36]} exd4 {[%clk 0:15:32]} 4. Nxd4
{[%clk 0:15:44]} Nf6 {[%clk 0:14:31]} 5. Nc3 {[%clk 0:15:52]} Bc5
{[%clk 0:14:30]} 6. Be3 {[%clk 0:14:55]} Bb6 {[%clk 0:14:36]} 7. Nf5
{[%clk 0:13:37]} O-O {[%clk 0:12:26]} 8. Bxb6 {[%clk 0:13:45]} axb6
{[%clk 0:12:35]} 9. Ne3 {[%clk 0:13:54]} d6 {[%clk 0:11:48]} 10. f3
{[%clk 0:13:30]} Nh5 {[%clk 0:11:20]} 11. Qd2 {[%clk 0:13:32]} Be6
{[%clk 0:10:14]} 12. a3 {[%clk 0:13:18]} Qh4+ {[%clk 0:09:44]} 13. Qf2
{[%clk 0:13:24]} Qf6 {[%clk 0:09:38]} 14. g3 {[%clk 0:12:34]} b5 {[%clk 0:06:35]}
15. Bxb5 {[%clk 0:12:08]} Nd4 {[%clk 0:06:44]} 16. O-O {[%clk 0:10:44]} c6
{[%clk 0:06:05]} 17. Be2 {[%clk 0:10:25]} Qg6 {[%clk 0:04:46]} 18. Rfd1
{[%clk 0:09:13]} Nf4 {[%clk 0:04:05]} 19. Bf1 {[%clk 0:09:02]} c5
{[%clk 0:04:01]} 20. Kh1 {[%clk 0:07:17]} Nh3 {[%clk 0:04:10]} 21. Bxh3
{[%clk 0:07:23]} Bxh3 {[%clk 0:04:19]} 22. Ncd5 {[%clk 0:07:04]} Rae8
{[%clk 0:03:57]} 23. Nf4 {[%clk 0:05:48]} Qh6 {[%clk 0:04:06]} 24. Nxh3
{[%clk 0:05:49]} Qxh3 {[%clk 0:04:11]} 25. c3 {[%clk 0:05:53]} Nb3
{[%clk 0:03:12]} 26. Rab1 {[%clk 0:06:01]} Re6 {[%clk 0:02:42]} 27. Rd5
{[%clk 0:05:33]} b5 {[%clk 0:02:51]} 28. Rbd1 {[%clk 0:05:31]} c4
{[%clk 0:03:00]} 29. Nf5 {[%clk 0:03:39]} Nc5 {[%clk 0:01:54]} 30. Qg2
{[%clk 0:03:36]} Qxg2+ {[%clk 0:01:46]} 31. Kxg2 {[%clk 0:03:44]} g6
{[%clk 0:01:38]} 32. Nd4 {[%clk 0:03:45]} Re7 {[%clk 0:01:36]} 33. Nxb5
{[%clk 0:03:43]} Rb7 {[%clk 0:01:35]} 34. Nxd6 {[%clk 0:03:42]} Rxb2+
{[%clk 0:01:43]} 35. R1d2 {[%clk 0:03:47]} Rxd2+ {[%clk 0:00:49]} 36. Rxd2
{[%clk 0:03:55]} Na4 {[%clk 0:00:56]} 37. Rd4 {[%clk 0:03:48]} Nxc3
{[%clk 0:00:37]} 38. Rxc4 {[%clk 0:03:53]} Nd1 {[%clk 0:00:27]} 39. Rc8
{[%clk 0:03:27]} Ne3+ {[%clk 0:00:19]} 40. Kf2 {[%clk 0:03:28]} Rxc8
{[%clk 0:00:25]} 41. Nxc8 {[%clk 0:03:37]} Nc4 {[%clk 0:00:33]} 42. a4
{[%clk 0:03:45]} Kf8 {[%clk 0:00:42]} 43. f4 {[%clk 0:03:39]} f6 {[%clk 0:00:45]}
44. h4 {[%clk 0:02:44]} Ke8 {[%clk 0:00:49]} 45. g4 {[%clk 0:02:42]} Kd7
{[%clk 0:00:45]} 46. Na7 {[%clk 0:02:50]} h5 {[%clk 0:00:13]} 47. g5
{[%clk 0:02:43]} fxg5 {[%clk 0:00:20]} 48. hxg5 {[%clk 0:02:49]} h4
{[%clk 0:00:22]} 49. Nb5 {[%clk 0:02:52]} Nb2 {[%clk 0:00:17]} 50. a5
{[%clk 0:02:24]} Nd3+ {[%clk 0:00:23]} 51. Kf3 {[%clk 0:02:25]} h3
{[%clk 0:00:32]} 52. f5 {[%clk 0:01:57]} Nc5 {[%clk 0:00:37]} 53. Nc3
{[%clk 0:01:48]} gxf5 {[%clk 0:00:28]} 54. exf5 {[%clk 0:01:57]} Nb3
{[%clk 0:00:28]} 55. a6 {[%clk 0:01:27]} Nd4+ {[%clk 0:00:35]} 56. Kf2
{[%clk 0:01:31]} Kc6 {[%clk 0:00:27]} 57. f6 {[%clk 0:01:20]} Ne6
{[%clk 0:00:29]} 58. f7 {[%clk 0:01:14]} Kb6 {[%clk 0:00:21]} 59. g6
{[%clk 0:01:14]} h2 {[%clk 0:00:26]} 60. Nd5+ {[%clk 0:00:51]} Kxa6
{[%clk 0:00:13]} 61. Kg2 {[%clk 0:00:47]} Kb5 {[%clk 0:00:17]} 1-0